All Fan Made Fortnite Skins By Picture - Statistics

General Stats
  • This quiz has been taken 14 times
  • The average score is 18 of 62
Answer Stats
Picture Answer % Correct
Aura
90%
Tomatohead
70%
Double Agent Wildcard
60%
Meowscles
60%
Beef Boss
50%
Boxy
50%
Codename E.L.F.
50%
Lt. John Llama
50%
Chaos Double Agent
40%
Charlotte
40%
Cozy Chomps
40%
Dark Rex
40%
Dream
40%
Gingerbread Raider
40%
Isabelle
40%
Marigold
40%
P-1000
40%
Boxer
30%
Fishskull
30%
Guild
30%
Hay Man
30%
Nightsurf Bomber
30%
Rapscallion
30%
Rem Raider
30%
Shadow Skully
30%
Summer Skye
30%
Yuki
30%
Arachne Couture
20%
Blizzabelle
20%
Breezabelle
20%
Britestorm Bomber
20%
Celeste
20%
Chigusa
20%
Comfy Chomps
20%
Dozer
20%
Eco
20%
Etheria
20%
Fallen Love Ranger
20%
Festival Lace
20%
Harmony Lee
20%
Joy
20%
Marius
20%
Mazy
20%
Megumi
20%
Nap Cap'n
20%
Nia
20%
Pinkie
20%
Sgt. Snooze
20%
Sinister Glare
20%
Slumberjack
20%
Snowbell
20%
Syd
20%
Tender Defender
20%
Undying Sorrow
20%
Drop Dee
10%
Fox Fire
10%
Frigid Foregoer
10%
Lyra
10%
Mystify
10%
Nalia
10%
Scoundrel
10%
Shady Zadie
10%
No matching quizzes found
Score Distribution
Percent of People with Each Score
Percentile by Number Answered
Your Score History
You have not taken this quiz